[Event "Juvisy sur Orge"]
[Site "Juvisy sur Orge"]
[Date "2013.03.31"]
[Round "8"]
[White "Romieux, Sebastien"]
[Black "Cotonnec, Melkior"]
[Result "0-1"]
[WhiteElo "2294"]
[BlackElo "2397"]
[PlyCount "60"]
[EventDate "2013.03.24"]
[EventType "tourn"]
[EventRounds "9"]
[EventCountry "FRA"]
[EventCategory "5"]
[SourceTitle "CBM 153 Extra"]
[Source "ChessBase"]
[SourceDate "2013.04.22"]
[SourceVersion "1"]
[SourceVersionDate "2013.04.22"]
[SourceQuality "1"]

1. e4 c5 2. Nf3 g6 3. d4 cxd4 4. Nxd4 Bg7 5. Nc3 Nc6 6. Be3 Nf6 7. Bc4 d6 8. h3 0-0 9. Bb3 Bd7 10. 0-0 a6 11. Re1 Rc8 12. f4 Qa5 13. Nf3 Qc7 14. Qd2 b5 15. a3 Be6 16. Bxe6 fxe6 17. Ng5 Nd8 18. Bd4 e5 19. fxe5 dxe5 20. Bf2 h6 21. Nf3 Ne6 22. Nd5 Qd6 23. Rad1 Nxd5 24. exd5 Nf4 25. Bg3 Nxh3+ 26. Kh2 Nf4 27. c3 Rf5 28. Qe3 Rcf8 29. Bxf4 Rxf4 30. Nxe5 R4f5 0-1

[Event "FRA-ch Accession"]
[Site "Nimes"]
[Date "2009.08.16"]
[Round "6"]
[White "Romieux, Sebastien"]
[Black "Kassis, Antoine"]
[Result "0-1"]
[WhiteElo "2284"]
[BlackElo "2249"]
[PlyCount "110"]
[EventDate "2009.08.11"]
[EventType "swiss"]
[EventRounds "9"]
[EventCountry "FRA"]
[SourceTitle "CBM 132 Extra"]
[Source "ChessBase"]
[SourceDate "2009.11.03"]
[SourceVersion "1"]
[SourceVersionDate "2009.11.03"]
[SourceQuality "1"]

1. e4 e5 2. Nf3 Nc6 3. Bb5 a6 4. Ba4 Nf6 5. 0-0 b5 6. Bb3 Bc5 7. a4 Rb8 8. c3 d6 9. axb5 axb5 10. d4 Bb6 11. Na3 0-0 12. Nxb5 Bg4 13. h3 Bd7 14. Re1 Na5 15. Ba4 Qe8 16. Qd3 Nc6 17. b3 d5 18. exd5 e4 19. Qf1 Nxd5 20. Ba3 exf3 21. Rxe8 Rfxe8 22. Qd3 fxg2 23. Qf3 Nde7 24. Kxg2 Ng6 25. Kg3 Nce7 26. Bxe7 Rxe7 27. Na7 c6 28. Nxc6 Bc7+ 29. Ne5 Rxe5 30. dxe5 Bxe5+ 31. Kg2 Nh4+ 32. Kh1 Nxf3 33. Bxd7 Bxc3 34. Ra4 h5 35. Kg2 Ne5 36. Bf5 g6 37. Bc2 Kg7 38. f4 Nd7 39. Rc4 Ba5 40. f5 g5 41. Rc6 Rb6 42. Rc8 Rd6 43. Be4 Nf6 44. Bc2 Rd7 45. Bb1 Bb6 46. Rc2 Rd1 47. Ba2 Ba5 48. Kf3 Rd2 49. Bb1 Rd3+ 50. Kg2 Rxb3 51. Rc1 Rb2+ 52. Kg3 Bb6 53. Rf1 Bc7+ 54. Kf3 Rb3+ 55. Ke2 Rxh3 0-1

[Event "FRA-chT1A 0809"]
[Site "France"]
[Date "2008.12.13"]
[Round "4.1"]
[White "Romieux, Sebastien"]
[Black "Georgiev, Vladimir"]
[Result "0-1"]
[WhiteElo "2285"]
[BlackElo "2523"]
[PlyCount "94"]
[EventDate "2008.10.19"]
[EventType "team-tourn"]
[EventRounds "11"]
[EventCountry "FRA"]
[SourceTitle "EXT 2010"]
[Source "ChessBase"]
[SourceDate "2010.11.25"]
[SourceVersion "1"]
[SourceVersionDate "2010.11.25"]
[SourceQuality "1"]
[WhiteTeam "Creteil"]
[BlackTeam "Mulhouse II"]
[WhiteTeamCountry "FRA"]
[BlackTeamCountry "FRA"]

1. e4 c5 2. Nf3 Nc6 3. d4 cxd4 4. Nxd4 Nf6 5. Nc3 d6 6. Bg5 Qa5 7. Bb5 Bd7 8. Nb3 Qb6 9. Bxf6 gxf6 10. Nd5 Qd8 11. Qh5 Rg8 12. Qxh7 Rxg2 13. 0-0-0 e6 14. Nf4 Rxf2 15. Rhf1 Qb6 16. Rxf2 Qxf2 17. Rf1 Qe3+ 18. Kb1 Ne5 19. Bxd7+ Kxd7 20. Nh5 Be7 21. Nxf6+ Bxf6 22. Rxf6 Qe1+ 23. Nc1 Ke7 24. Rf4 Rc8 25. b3 Rc3 26. Qh6 Qd1 27. Rf2 Qg4 28. Qd2 Rf3 29. Rxf3 Nxf3 30. Qb4 Qxe4 31. Qa5 Qd4 32. Nd3 Qb6 33. Qa4 Qg1+ 34. Kb2 Qd4+ 35. Qxd4 Nxd4 36. Nf4 Nf3 37. h3 Kf6 38. Kc3 Kg5 39. Ng2 d5 40. a4 f5 41. a5 f4 42. Kd3 e5 43. c4 e4+ 44. Kc2 dxc4 45. bxc4 Nh4 46. Nxh4 Kxh4 47. c5 a6 0-1

[Event "Paris-ch op"]
[Site "Paris"]
[Date "2008.07.05"]
[Round "8"]
[White "Romieux, Sebastien"]
[Black "Guilleux, Fabien"]
[Result "1/2-1/2"]
[WhiteElo "2240"]
[BlackElo "2391"]
[PlyCount "40"]
[EventDate "2008.06.28"]
[EventType "swiss"]
[EventRounds "9"]
[EventCountry "FRA"]
[SourceTitle "CBM 125 Extra"]
[Source "ChessBase"]
[SourceDate "2008.09.01"]
[SourceVersion "1"]
[SourceVersionDate "2008.09.01"]
[SourceQuality "1"]

1. e4 c5 2. Nf3 d6 3. d4 cxd4 4. Nxd4 Nf6 5. Nc3 a6 6. Bg5 e6 7. f4 Nbd7 8. Qf3 Qc7 9. 0-0-0 b5 10. Bd3 Bb7 11. Rhe1 Qb6 12. Nd5 Qxd4 13. Bxf6 gxf6 14. Bxb5 Qc5 15. Nxf6+ Kd8 16. Nxd7 Qxb5 17. Nxf8 Rxf8 18. Qa3 Rc8 19. Qxd6+ Ke8 20. Re3 Qc6 1/2-1/2

[Event "Paris-ch op"]
[Site "Paris"]
[Date "2008.07.04"]
[Round "7"]
[White "Romieux, Sebastien"]
[Black "Kosteniuk, Alexandra"]
[Result "0-1"]
[WhiteElo "2240"]
[BlackElo "2523"]
[PlyCount "64"]
[EventDate "2008.06.28"]
[EventType "swiss"]
[EventRounds "9"]
[EventCountry "FRA"]
[SourceTitle "CBM 125 Extra"]
[Source "ChessBase"]
[SourceDate "2008.09.01"]
[SourceVersion "1"]
[SourceVersionDate "2008.09.01"]
[SourceQuality "1"]

1. e4 c5 2. Nf3 d6 3. d4 cxd4 4. Nxd4 Nf6 5. Nc3 a6 6. Bg5 e6 7. f4 Qc7 8. Bd3 b5 9. Bxf6 gxf6 10. Qf3 b4 11. Nce2 Nd7 12. 0-0-0 Bb7 13. Qh5 Nc5 14. f5 0-0-0 15. fxe6 Nxd3+ 16. Rxd3 Bxe4 17. Kb1 Kb7 18. exf7 Rc8 19. Rc1 d5 20. Re3 Qe5 21. Qxe5 fxe5 22. Ne6 Bh6 23. Rxe4 dxe4 24. Rd1 Rc6 25. Nd8+ Rxd8 26. Rxd8 Rf6 27. c3 Rxf7 28. Kc2 Rf2 29. Kd1 b3 30. axb3 Rf1+ 31. Kc2 Re1 32. Rd2 e3 0-1

[Event "FRA-chT1B 0708"]
[Site "France"]
[Date "2008.03.16"]
[Round "9.3"]
[White "Romieux, Sebastien"]
[Black "Duquesnoy, Jean Philippe"]
[Result "1/2-1/2"]
[WhiteElo "2249"]
[BlackElo "2259"]
[PlyCount "47"]
[EventDate "2007.10.21"]
[EventType "team"]
[EventRounds "11"]
[EventCountry "FRA"]
[SourceTitle "EXT 2009"]
[Source "ChessBase"]
[SourceDate "2008.11.26"]
[SourceVersion "1"]
[SourceVersionDate "2008.11.26"]
[SourceQuality "1"]
[WhiteTeam "Creteil"]
[BlackTeam "Avignon"]
[WhiteTeamCountry "FRA"]
[BlackTeamCountry "FRA"]

1. e4 c5 2. Nf3 e6 3. d4 cxd4 4. Nxd4 Nf6 5. Nc3 d6 6. Be2 a6 7. 0-0 Nbd7 8. a4 b6 9. f4 Bb7 10. Bf3 Qc7 11. Kh1 Rc8 12. Rf2 Be7 13. Re2 Qb8 14. Qe1 Qa8 15. f5 e5 16. Nb3 g6 17. fxg6 hxg6 18. Bg5 Kf8 19. Rd1 Kg7 20. Qf2 Rxc3 21. bxc3 Qb8 22. Bxf6+ Bxf6 23. Bg4 Bc6 24. a5 1/2-1/2

[Event "FRA-chT Top 16 GpA"]
[Site "France"]
[Date "2007.04.29"]
[Round "5"]
[White "Romieux, Sebastien"]
[Black "Vaisser, Anatoli"]
[Result "0-1"]
[WhiteElo "2252"]
[BlackElo "2554"]
[PlyCount "82"]
[EventDate "2007.02.09"]
[EventType "team"]
[EventRounds "11"]
[EventCountry "FRA"]
[SourceTitle "CBM 118 Extra"]
[Source "ChessBase"]
[SourceDate "2007.07.04"]
[SourceVersion "1"]
[SourceVersionDate "2007.07.04"]
[SourceQuality "1"]
[WhiteTeam "Creteil"]
[BlackTeam "Antibes"]
[WhiteTeamCountry "FRA"]
[BlackTeamCountry "FRA"]

1. e4 c5 2. Nf3 Nc6 3. Nc3 e6 4. d4 cxd4 5. Nxd4 Nf6 6. Nxc6 bxc6 7. e5 Nd5 8. Ne4 c5 9. c4 Nb4 10. Be2 Nc6 11. f4 Bb7 12. Bf3 Nd4 13. 0-0 Qb6 14. b3 Be7 15. Bb2 Nxf3+ 16. Qxf3 0-0 17. f5 exf5 18. Qxf5 Qe6 19. Ng3 g6 20. Qf4 d5 21. exd6 Bxd6 22. Qh6 Be5 23. Bxe5 Qxe5 24. Rae1 Qd4+ 25. Kh1 Rae8 26. Rd1 Qg4 27. Rd2 Re7 28. Kg1 Rfe8 29. Qf4 Qxf4 30. Rxf4 f5 31. Kf2 Kg7 32. h4 Kf6 33. a3 a5 34. b4 axb4 35. axb4 cxb4 36. c5 Be4 37. Rd6+ Ke5 38. Ke3 Ra8 39. Ne2 Ra3+ 40. Kf2 Ra2 41. g3 Rc7 0-1

[Event "FRA-chT Top 16 GpA"]
[Site "France"]
[Date "2006.02.04"]
[Round "2"]
[White "Bagheri, Amir"]
[Black "Romieux, Sebastien"]
[Result "1/2-1/2"]
[WhiteElo "2521"]
[BlackElo "2221"]
[PlyCount "73"]
[EventDate "2006.02.03"]
[EventType "team-tourn"]
[EventRounds "7"]
[EventCountry "FRA"]
[SourceTitle "EXT 2007"]
[Source "ChessBase"]
[SourceDate "2006.11.23"]
[SourceVersion "1"]
[SourceVersionDate "2006.11.23"]
[SourceQuality "1"]
[WhiteTeam "Clichy"]
[BlackTeam "Creteil"]
[WhiteTeamCountry "FRA"]
[BlackTeamCountry "FRA"]

1. c4 e5 2. Nc3 Nc6 3. g3 g6 4. Bg2 Bg7 5. e3 d6 6. Nge2 Be6 7. Nd5 Qc8 8. 0-0 Nce7 9. e4 c6 10. Ne3 h5 11. d4 h4 12. d5 cxd5 13. cxd5 Bh3 14. Bxh3 Qxh3 15. g4 Qf3 16. Nc3 Qxd1 17. Rxd1 Kd7 18. Nc4 Nf6 19. f3 Ne8 20. Nb5 f5 21. g5 h3 22. Be3 Nc8 23. Rac1 f4 24. Bd2 a6 25. Nc3 b5 26. Na5 Bf8 27. a4 Be7 28. axb5 Bd8 29. Nc4 Nb6 30. Na3 Rh5 31. Kh1 axb5 32. Ncxb5 Rxg5 33. Rg1 Rxg1+ 34. Rxg1 g5 35. Nc3 Na4 36. Nxa4 Rxa4 37. Bc3 1/2-1/2

[Event "Paris-ch"]
[Site "Paris"]
[Date "2005.07.13"]
[Round "5"]
[White "Romieux, Sebastien"]
[Black "Broca, Alexandre"]
[Result "1-0"]
[WhiteElo "2238"]
[BlackElo "2166"]
[PlyCount "41"]
[EventDate "2005.07.10"]
[EventType "swiss"]
[EventRounds "9"]
[EventCountry "FRA"]
[SourceTitle "CBM 107 Extra"]
[Source "ChessBase"]
[SourceDate "2005.09.01"]
[SourceVersion "1"]
[SourceVersionDate "2005.09.01"]
[SourceQuality "1"]

1. e4 c5 2. Nf3 e6 3. d4 cxd4 4. Nxd4 a6 5. Bd3 Nf6 6. f4 d6 7. Qf3 Nbd7 8. g4 e5 9. Nf5 d5 10. Nc3 g6 11. Ng3 Bg7 12. f5 dxe4 13. Ncxe4 0-0 14. Bd2 Nxe4 15. Bxe4 Nc5 16. 0-0-0 Qh4 17. Kb1 a5 18. Be3 Nxe4 19. Nxe4 f6 20. Bc5 h5 21. Qb3+ 1-0

[Event "Paris-ch"]
[Site "Paris"]
[Date "2005.07.10"]
[Round "2"]
[White "Romieux, Sebastien"]
[Black "Gozzoli, Yannick"]
[Result "0-1"]
[WhiteElo "2238"]
[BlackElo "2444"]
[PlyCount "48"]
[EventDate "2005.07.10"]
[EventType "swiss"]
[EventRounds "9"]
[EventCountry "FRA"]
[SourceTitle "CBM 107 Extra"]
[Source "ChessBase"]
[SourceDate "2005.09.01"]
[SourceVersion "1"]
[SourceVersionDate "2005.09.01"]
[SourceQuality "1"]

1. e4 c5 2. Nf3 e6 3. d4 cxd4 4. Nxd4 a6 5. Nc3 b5 6. Bd3 d6 7. 0-0 Nf6 8. f4 Be7 9. Kh1 Qc7 10. Qe1 Nbd7 11. a4 b4 12. Nce2 Bb7 13. Ng3 h5 14. Rf3 Nc5 15. Re3 h4 16. Nf1 h3 17. Bd2 hxg2+ 18. Kxg2 Nfxe4 19. Bxe4 Nxe4 20. Rxe4 f5 21. Ng3 fxe4 22. Qe3 Bf6 23. Nxe6 Qxc2 24. Rc1 Qxd2+ 0-1

[Event "Issy les Moulineaux tt"]
[Site "Issy les Moulineaux"]
[Date "2005.04.17"]
[Round "6"]
[White "Romieux, Sebastien"]
[Black "Charpentier, Philippe"]
[Result "1-0"]
[WhiteElo "2255"]
[BlackElo "2098"]
[PlyCount "107"]
[EventDate "2004.11.21"]
[EventType "team"]
[EventRounds "7"]
[EventCountry "FRA"]
[SourceTitle "EXT 2007"]
[Source "ChessBase"]
[SourceDate "2006.11.23"]
[SourceVersion "1"]
[SourceVersionDate "2006.11.23"]
[SourceQuality "1"]

1. e4 c5 2. Nf3 d6 3. d4 cxd4 4. Nxd4 Nf6 5. Nc3 e6 6. g4 h6 7. Rg1 a6 8. Be3 Nc6 9. h4 h5 10. g5 Ng4 11. Qd2 Nxe3 12. Qxe3 Qb6 13. 0-0-0 Nxd4 14. Rxd4 Bd7 15. Bh3 Be7 16. Re1 Bc6 17. g6 e5 18. gxf7+ Kf8 19. Rdd1 Qxe3+ 20. Rxe3 Kxf7 21. Rf3+ Ke8 22. Nd5 Bxd5 23. Rxd5 Rd8 24. Rb3 Rb8 25. f3 Rh6 26. Ra5 Bxh4 27. Rxa6 Rf6 28. Ra7 g5 29. Kd1 Bf2 30. Ra5 Rf4 31. Ke2 Bc5 32. Bg2 g4 33. Rd3 g3 34. Rxc5 dxc5 35. Rd5 Kf7 36. Rxe5 h4 37. Ke3 Rf6 38. Rh5 Ra8 39. Rxh4 Rxa2 40. Rh7+ Kg6 41. Rxb7 Ra1 42. f4 Rg1 43. f5+ Kh6 44. Kf3 Rf8 45. Rb6+ Kh7 46. Rd6 Re8 47. Rd2 Kh6 48. Re2 Rg8 49. Kf4 Kh5 50. e5 Rg4+ 51. Kf3 Kg5 52. e6 Rf4+ 53. Kxg3 Kxf5 54. Kh2 1-0